Vybrané problémy globálnej (európskej) hospodárskej krízy - vývoj vybraných makroekonomických ukazovateľov

Vývoj a proces globalizácie, postupné nadobúdanie nových rozmerov a obsahov, ktoré prináša každodenná realita. Súčasný stav ekonomiky a vybrané makroekonomické ukazovatele. Vývoj priemyselnej výroby a vývoj nezamestnanosti.

Gespeichert in:
Bibliographische Detailangaben
1. Verfasser: Matušovič, Martin
Weitere Verfasser: Tóth, Miroslav, 1961-, Tóthová, Alena, 1968-
Format: Buchkapitel
Sprache:Slowakisch
Schlagworte:
Tags: Tag hinzufügen
Keine Tags, Fügen Sie das erste Tag hinzu!

MARC

LEADER 00000nla$a2200000$$$4500
001 0146995
005 20240502072644.8
041 0 |a slo 
044 |a SK 
245 1 0 |a Vybrané problémy globálnej (európskej) hospodárskej krízy - vývoj vybraných makroekonomických ukazovateľov  |c Martin Matušovič, Miroslav Tóth, Alena Tóthová 
520 |a Vývoj a proces globalizácie, postupné nadobúdanie nových rozmerov a obsahov, ktoré prináša každodenná realita. Súčasný stav ekonomiky a vybrané makroekonomické ukazovatele. Vývoj priemyselnej výroby a vývoj nezamestnanosti. 
610 2 0 |a kríza hospodárska 
610 2 0 |a makroekonomika 
610 2 0 |a globalizácia hospodárstva 
610 2 0 |a vývoj hospodársky 
610 2 0 |a odvetvia priemyselné 
610 2 0 |a ukazovatele makroekonomické 
610 2 0 |a nezamestnanosť 
100 1 |a Matušovič, Martin 
700 1 |a Tóth, Miroslav, 1961- 
700 1 |a Tóthová, Alena, 1968-